000 00292nam a22001337a 4500
082 _a823
_bRAM/F
100 _aRAMESH, B,G
245 _aFOLK TALES
260 _aBANGALORE
_bGANESH PUBLICATIONS
_c2006
300 _a118
520 _aSHORT STORY
650 _aENGLISH SHORT STORY
942 _cBK
999 _c3495
_d3495